|
|
|
|
| LEADER |
01527nam a2200409 a 4500 |
| 001 |
EBC1209346 |
| 003 |
MiAaPQ |
| 005 |
20200520144314.0 |
| 006 |
m o d | |
| 007 |
cr cn||||||||| |
| 008 |
130717s2012 gw sb 001 0 eng d |
| 020 |
|
|
|z 9783868381368
|
| 020 |
|
|
|z 9783110325133
|
| 020 |
|
|
|a 9783110325843 (electronic bk.)
|
| 035 |
|
|
|a (MiAaPQ)EBC1209346
|
| 035 |
|
|
|a (Au-PeEL)EBL1209346
|
| 035 |
|
|
|a (CaPaEBR)ebr10728661
|
| 035 |
|
|
|a (CaONFJC)MIL503445
|
| 035 |
|
|
|a (OCoLC)851971929
|
| 040 |
|
|
|a MiAaPQ
|c MiAaPQ
|d MiAaPQ
|
| 050 |
|
4 |
|a BD438.5
|b .C66 2012
|
| 245 |
0 |
0 |
|a Consciousness and subjectivity
|h [electronic resource] /
|c Sofia Miguens, Gerhard Preyer (eds.).
|
| 260 |
|
|
|a Frankfurt :
|b Ontos Verlag,
|c 2012.
|
| 300 |
|
|
|a 363 p.
|
| 490 |
1 |
|
|a Philosophische Analyse =
|a Philosophical analysis ;
|v Bd. 47
|
| 504 |
|
|
|a Includes bibliographical references and index.
|
| 505 |
0 |
|
|a pt. I. Consciousness and experience -- pt. II. Subjectivity and the first person.
|
| 533 |
|
|
|a Electronic reproduction. Ann Arbor, MI : ProQuest, 2015. Available via World Wide Web. Access may be limited to ProQuest affiliated libraries.
|
| 650 |
|
0 |
|a Self (Philosophy)
|
| 650 |
|
0 |
|a Consciousness.
|
| 650 |
|
0 |
|a Subjectivity.
|
| 655 |
|
4 |
|a Electronic books.
|
| 700 |
1 |
|
|a Miguens, Sofia.
|
| 700 |
1 |
|
|a Preyer, Gerhard.
|
| 710 |
2 |
|
|a ProQuest (Firm)
|
| 830 |
|
0 |
|a Philosophische Analyse ;
|v Bd. 47.
|
| 856 |
4 |
0 |
|u https://ebookcentral.proquest.com/lib/matrademy/detail.action?docID=1209346
|z Click to View
|